000 00384nam a22001337a 4500
999 _c30813
_d30813
008 201007b ||||| |||| 00| 0 eng d
020 _a9780701188566
050 _aPR 9387.9 .B365 2015
100 _aBarrett, Igoni
245 _aBlackass/
260 _aLondon :
_bChatto & Windus,
_c2015.
300 _a262p. ;
_c21 cm.
942 _2lcc
_cBOOKS
_hPR 9387.9 .B365 2015